Speeches and toasts / (Record no. 4593)
[ view plain ]
| 000 -LEADER | |
|---|---|
| fixed length control field | 00372nam a22001577a 4500 |
| 001 - CONTROL NUMBER | |
| control field | BD-DhSAU 4593 |
| 003 - CONTROL NUMBER IDENTIFIER | |
| control field | BD-DhSAU |
| 005 - DATE AND TIME OF LATEST TRANSACTION | |
| control field | 20150224111201.0 |
| 008 - FIXED-LENGTH DATA ELEMENTS--GENERAL INFORMATION | |
| fixed length control field | 150224b xxu||||| |||| 00| 0 eng d |
| 040 ## - CATALOGING SOURCE | |
| Original cataloging agency | BD-DhSAU |
| 082 ## - DEWEY DECIMAL CLASSIFICATION NUMBER | |
| Edition number | 22 |
| Classification number | 808.5 |
| Item number | S3095 |
| 100 ## - MAIN ENTRY--PERSONAL NAME | |
| Personal name | Stemp, L F |
| 245 ## - TITLE STATEMENT | |
| Title | Speeches and toasts / |
| Statement of responsibility, etc. | L F Stemp |
| 300 ## - PHYSICAL DESCRIPTION | |
| Extent | 192 p. : |
| Dimensions | 18 cm. |
| 590 ## - Name of Cataloguer | |
| Name of Cataloger | erfat |
| 942 ## - ADDED ENTRY ELEMENTS (KOHA) | |
| Source of classification or shelving scheme | Dewey Decimal Classification |
| Koha item type | Book |
| Withdrawn status | Lost status | Source of classification or shelving scheme | Damaged status | Not for loan | Home library | Branch Name | Shelving location | Date acquired | Total Checkouts | Full call number | Barcode | Date last seen | Price effective from | Koha item type |
|---|---|---|---|---|---|---|---|---|---|---|---|---|---|---|
| Dewey Decimal Classification | SAU Library | SAU Library | General Stacks | 24/02/2015 | 808.5 S3095 | 4444 | 24/02/2015 | 24/02/2015 | Book |
